|
|
|
|
| LEADER |
01118nam a22003014a 4500 |
| 001 |
30961 |
| 003 |
BD-DhAAL |
| 005 |
20160224165037.0 |
| 008 |
160224s2000 ncua b 001 0 eng |
| 010 |
|
|
|a 99053103
|
| 020 |
|
|
|a 0822325217
|
| 020 |
|
|
|a 0822324865
|
| 040 |
|
|
|a DLC
|c DLC
|d DLC
|d BD-DhAAL
|
| 050 |
0 |
0 |
|a JV51
|b .P74 2000
|
| 082 |
0 |
0 |
|a 325.3
|2 21
|
| 245 |
0 |
4 |
|a The pre-occupation of postcolonial studies /
|c edited by Fawzia Afzal-Khan and Kalpana Seshadri-Crooks.
|
| 260 |
|
|
|a Durham, [NC] :
|b Duke University Press,
|c 2000.
|
| 300 |
|
|
|a vii, 412 p. :
|b ill. ;
|c 24 cm.
|
| 504 |
|
|
|a Includes bibliographical references (p. [381]-402) and index.
|
| 526 |
|
|
|a ENH
|
| 541 |
|
|
|e 30961
|
| 650 |
|
0 |
|a Postcolonialism.
|9 18164
|
| 700 |
1 |
|
|a Afzal-Khan, Fawzia,
|d 1958-
|9 18165
|
| 700 |
1 |
|
|a Seshadri, Kalpana.
|9 18166
|
| 852 |
|
|
|a Ayesha Abed Library
|c General Stcaks
|
| 942 |
|
|
|2 ddc
|c BK
|
| 999 |
|
|
|c 36928
|d 36928
|
| 952 |
|
|
|0 0
|1 0
|2 ddc
|4 0
|6 325_300000000000000_PRE
|7 0
|9 58159
|a BRACUL
|b BRACUL
|c GEN
|d 2016-02-17
|e R K Corporation
|g 3490.00
|l 3
|m 13
|o 325.3 PRE
|p 3010030961
|r 2023-07-13
|s 2023-07-13
|t 1
|v 3490.00
|w 2016-02-17
|y BK
|